000 00567nam a2200217Ia 4500
003 OSt
005 20221007073409.0
006 a|||||r|||| 00| 0
007 ta
008 221006b |||||||| |||| 00| 0 eng d
024 _a15,905
037 _cTextual
040 _aFLL
_cFLL
_beng
041 _2eng
_aeng
082 _aX72:Z2, J8
100 _aMalik P.L.
245 0 _aHandbook of taxation laws of India
260 _aLucknow
_bEastern Book Company India
_c1958
942 _hX72:Z2, J8
_cTEXL
_2CC
999 _c1148599
_d1148599